| 000 | 00785nam a2200205 a 4500 | ||
|---|---|---|---|
| 005 | 20140414132102.0 | ||
| 008 | 100722s19uu xx 00 eng d | ||
| 020 | _a9781595665959 | ||
| 050 |
_aM 327.12 _bG54 2008 |
||
| 100 | _aGilbert, Adrian | ||
| 245 | _aSpy school. | ||
| 260 |
_aLondon : _bQED, _c2008. |
||
| 300 | _a32 p. | ||
| 440 | _aSpy files | ||
| 500 | _aIncludes index. Issued also in French under title: Technologie de pointe. | ||
| 520 | _a"Discusses the skills and training needed to become a spy, spying techniques and different types of surveillance. Includes profiles of famous spies and double agents"--Provided by publisher. | ||
| 650 | _aSecret service --Juvenile literature. | ||
| 650 | _aSpies --Training of --Juvenile literature. | ||
| 999 |
_c114497 _d114497 |
||